000 00654cam a2200229 4500
008 090401t1986 xxu||||| |||| 00| 0 eng d
020 _a0611007010
035 _a(Sirsi) u63438
041 _aeng
050 _a692.5
245 _aLaxton`s national building price book 1987
250 _a159th ed.
260 _aEast Grinstead,West Sussex
_bThomas Skinner Directories
_c1986
300 _axxxiv, 1322,69p. ; 30cm.
350 _a33
650 _aBUILT ENVIRONMENT-BUILDING COSTS
650 _aJOHNSON V B AND PARTNERS
650 _aBUILDING PRICE BOOKS
700 _aV.B. Johnson and Partners,
_xEditor
942 _n0
948 _c04/03/1997
999 _c94561
_d94561